[Event "Montreal Mercredi 10"]
[Site "Montreal"]
[Date "2017.11.01"]
[Round "4"]
[White "Jia, Zhe"]
[Black "Gates, Claude Eric"]
[Result "1-0"]
[WhiteElo "1823"]
[BlackElo "1821"]
[PlyCount "91"]
[EventDate "2017.10.11"]
[EventType "swiss"]
[EventRounds "5"]
[EventCountry "CAN"]
[SourceTitle "EXT 2022"]
[Source "ChessBase"]
[SourceDate "2021.10.06"]
[SourceVersion "1"]
[SourceVersionDate "2021.10.06"]
[SourceQuality "1"]

1. Nf3 Nf6 2. c4 d5 3. cxd5 Nxd5 4. e4 Nb6 5. d4 Bg4 6. Be2 e6 7. 0-0 Be7 8. Be3 0-0 9. Qc2 N8d7 10. Rd1 c6 11. Nbd2 Nf6 12. Nb3 Nbd7 13. Rac1 Bh5 14. h3 Bg6 15. Bd3 Re8 16. Nbd2 Bf8 17. Nc4 Qc7 18. Nce5 Nxe5 19. Nxe5 Rac8 20. Nxg6 hxg6 21. a3 Nh5 22. d5 exd5 23. exd5 Qa5 24. dxc6 Rxc6 25. Qb3 Rxe3 26. fxe3 Qe5 27. Bc4 Rf6 28. Rd8 Qe7 29. Rcd1 Rb6 30. Qc3 Nf6 31. Qd4 Qc7 32. e4 Qe7 33. e5 Nh5 34. b4 Ng3 35. Qd7 Qxe5 36. Qxf7+ Kh7 37. Qg8+ Kh6 38. Qh8+ Kg5 39. R8d5 Bd6 40. Qd8+ Kh6 41. Rxe5 Bxe5 42. Qh8+ Kg5 43. Rd5 Re6 44. Qc8 Kf5 45. Rxe5+ Kxe5 46. Qxe6+ 1-0

[Event "Montreal Mercredi 05"]
[Site "Montreal"]
[Date "2017.05.17"]
[Round "2"]
[White "Gates, Claude Eric"]
[Black "Zhong, Kevin"]
[Result "0-1"]
[WhiteElo "1857"]
[BlackElo "1905"]
[PlyCount "88"]
[EventDate "2017.05.10"]
[EventType "swiss"]
[EventRounds "5"]
[EventCountry "CAN"]
[SourceTitle "EXT 2022"]
[Source "ChessBase"]
[SourceDate "2021.10.06"]
[SourceVersion "1"]
[SourceVersionDate "2021.10.06"]
[SourceQuality "1"]

1. e4 d6 2. d4 g6 3. Be3 Bg7 4. Nc3 a6 5. Nf3 e6 6. Qd2 h6 7. Be2 Ne7 8. h4 Nd7 9. 0-0-0 b5 10. h5 g5 11. Nxg5 hxg5 12. Bxg5 Bb7 13. Qf4 Rf8 14. h6 Bh8 15. Bh5 Ng6 16. Bxg6 fxg6 17. Qg4 Bf6 18. Be3 Qe7 19. h7 0-0-0 20. Bh6 Rh8 21. Qxg6 Qxh7 22. Qg4 Qe7 23. Be3 Kb8 24. Rhg1 Nb6 25. b3 Rh4 26. Qe2 b4 27. g3 Rhh8 28. Nb1 Bxe4 29. Qxa6 Bb7 30. Qb5 Nd5 31. Rge1 Qd7 32. Qa5 Qc6 33. Bd2 Bxd4 34. Rxe6 Nc3 35. Rf1 Bb6 36. Qg5 Nxa2+ 37. Kd1 Qf3+ 38. Re2 Rde8 39. Rfe1 Ba6 40. Be3 Bxe3 41. fxe3 Rh2 42. c4 bxc3 43. Qg6 Bxe2+ 44. Kc2 Bd1+ 0-1

[Event "Montreal Mercredi 03"]
[Site "Montreal"]
[Date "2017.04.19"]
[Round "4"]
[White "Baran, Marius"]
[Black "Gates, Claude Eric"]
[Result "0-1"]
[WhiteElo "1776"]
[BlackElo "1803"]
[PlyCount "104"]
[EventDate "2017.03.29"]
[EventType "swiss"]
[EventRounds "5"]
[EventCountry "CAN"]
[SourceTitle "EXT 2022"]
[Source "ChessBase"]
[SourceDate "2021.10.06"]
[SourceVersion "1"]
[SourceVersionDate "2021.10.06"]
[SourceQuality "1"]

1. e4 c6 2. d4 d5 3. e5 Bf5 4. Ne2 e6 5. Ng3 Bg6 6. h4 h5 7. Be2 c5 8. c3 Nc6 9. Bd3 Bxd3 10. Qxd3 Qb6 11. 0-0 cxd4 12. Re1 Nge7 13. Nd2 Ng6 14. Nf3 Be7 15. cxd4 Rc8 16. a3 Nxh4 17. Nxh4 Bxh4 18. Ne2 Nxe5 19. Qh3 Ng6 20. Nc3 0-0 21. Be3 Qxb2 22. Na4 Qb5 23. Nc5 b6 24. Rab1 Qe8 25. Nd3 Qe7 26. Ne5 Nxe5 27. dxe5 Rc4 28. g3 Bg5 29. Qxh5 Bxe3 30. Rxe3 f5 31. exf6 Qxf6 32. Re2 Rfc8 33. Kg2 Rc3 34. Rh1 Qf5 35. Qxf5 exf5 36. Rd2 Rd8 37. Rhd1 Rxa3 38. Rxd5 Rxd5 39. Rxd5 g6 40. Rd7 a5 41. Rb7 Rb3 42. Ra7 Rb2 43. Kf3 Rb4 44. Kg2 a4 45. Kh3 b5 46. f4 Rb3 47. Kh4 a3 48. g4 Rb4 49. gxf5 Ra4 50. Rb7 a2 51. Kg5 gxf5 52. Rxb5 a1Q 0-1

[Event "Montreal Mercredi 02"]
[Site "Montreal"]
[Date "2016.03.09"]
[Round "4"]
[White "Gates, Claude Eric"]
[Black "Baran, Marius"]
[Result "1-0"]
[WhiteElo "1772"]
[BlackElo "1719"]
[PlyCount "60"]
[EventDate "2016.02.17"]
[EventType "swiss"]
[EventRounds "5"]
[EventCountry "CAN"]
[SourceTitle "EXT 2022"]
[Source "ChessBase"]
[SourceDate "2021.10.06"]
[SourceVersion "1"]
[SourceVersionDate "2021.10.06"]
[SourceQuality "1"]

1. e4 e5 2. Nf3 Nf6 3. Nc3 Nc6 4. d4 exd4 5. Nxd4 Be7 6. Nxc6 dxc6 7. Bd3 Bg4 8. f3 Bh5 9. Be3 Qd7 10. 0-0 0-0-0 11. Qe2 Kb8 12. Qf2 a6 13. a4 Qc8 14. a5 Nd7 15. Na4 Bd6 16. Nc5 Nxc5 17. Bxc5 f6 18. Ra4 Rhe8 19. Rb4 Bxc5 20. Qxc5 Re5 21. Qxc6 Rd6 22. Qc3 Bf7 23. f4 Rxa5 24. e5 Rc6 25. Qxc6 Bd5 26. Qc3 Qg4 27. Be4 Qe2 28. Re1 Ra1 29. Rxa1 Bxe4 30. Rxe4 Qxe4 1-0